Effective management at work / (Record no. 2841)

000 -LEADER
fixed length control field nam a22 a 4500
003 - CONTROL NUMBER IDENTIFIER
control field AKMAL
005 - DATE AND TIME OF LATEST TRANSACTION
control field 20170518113423.0
008 - FIXED-LENGTH DATA ELEMENTS--GENERAL INFORMATION
fixed length control field 170518s1986 si 00 eng d
020 ## - INTERNATIONAL STANDARD BOOK NUMBER
International Standard Book Number 9971404567
040 ## - CATALOGING SOURCE
Original cataloging agency AKMAL
Transcribing agency AKMAL
049 00 - LOCAL HOLDINGS (OCLC)
Holding library pma
082 04 - DEWEY DECIMAL CLASSIFICATION NUMBER
Classification number 658 PAR
Edition number 21
100 1# - MAIN ENTRY--PERSONAL NAME
Personal name Parkinson, C. Northcote
Fuller form of name (Cyril Northcote),
Dates associated with a name 1909-1959
9 (RLIN) 5936
245 10 - TITLE STATEMENT
Title Effective management at work /
Statement of responsibility, etc. C. Northcote Parkinson, M. K. Rustomji, S. A. Sapre
260 ## - PUBLICATION, DISTRIBUTION, ETC.
Place of publication, distribution, etc. Singapore :
Name of publisher, distributor, etc. Federal Publications,
Date of publication, distribution, etc. 1986
300 00 - PHYSICAL DESCRIPTION
Extent 146p. ;
Dimensions 18cm
440 #0 - SERIES STATEMENT/ADDED ENTRY--TITLE
Title Management for everyone
9 (RLIN) 5991
650 #0 - SUBJECT ADDED ENTRY--TOPICAL TERM
Topical term or geographic name entry element Management
9 (RLIN) 1462
650 #0 - SUBJECT ADDED ENTRY--TOPICAL TERM
Topical term or geographic name entry element Employee motivation
9 (RLIN) 2790
700 1# - ADDED ENTRY--PERSONAL NAME
Personal name Rustomji, M. K.
9 (RLIN) 5958
700 1# - ADDED ENTRY--PERSONAL NAME
Personal name Sapre, S. A.
9 (RLIN) 5992
942 ## - ADDED ENTRY ELEMENTS (KOHA)
Source of classification or shelving scheme
Koha item type Book
Holdings
Withdrawn status Lost status Source of classification or shelving scheme Damaged status Not for loan Collection code Home library Current library Date acquired Inventory number Total Checkouts Full call number Barcode Date last seen Price effective from Koha item type
          NON-FICTION AKMAL Melaka AKMAL Melaka 18.05.2017 600073   658 PAR 201704088 18.05.2017 18.05.2017 Book
          NON-FICTION AKMAL Melaka AKMAL Melaka 18.05.2017 600070   658 PAR 201704090 18.05.2017 18.05.2017 Book
            AKMAL Melaka AKMAL Melaka 18.05.2017 600069   658 PAR 201704094 18.05.2017 18.05.2017 Book
Pusat Sumber Maklumat Dato' Haji Sarmin Md Hussin, Akademi Kastam Diraja Malaysia, Melaka
Tel: 06-2331106 | Faks: 06-2313787